LEADER 00972nam0-22003251i-450- 001 990003058750403321 010 $a92-64-13572-3 035 $a000305875 035 $aFED01000305875 035 $a(Aleph)000305875FED01 035 $a000305875 100 $a20000920d1991----km-y0itay50------ba 101 0 $aita 102 $aIT 200 1 $aEconomic Development in Ethiopia$eAgriculture, the Market and the State$fby James Pickett. 210 $aParis$cOECD$d1991. 215 $a197 p.$d21 cm 225 1 $aOECD Development Centre Studies 610 0 $aEtiopia$aSviluppo economico 676 $aF/1.111 702 1$aPickett,$bJames 712 2$aOrganizzazione per la cooperazione e lo sviluppo economico.$bDevelopment Centre 801 0$aIT$bUNINA$gRICA$2UNIMARC 901 $aBK 912 $a990003058750403321 952 $aF/1.111 PIC$b12473$fSES 959 $aSES 996 $aEconomic Development in Ethiopia$9465360 997 $aUNINA DB $aING01 LEADER 01030nam0-22003131i-450 001 990001865710403321 005 20190529131430.0 035 $a000186571 035 $aFED01000186571 035 $a(Aleph)000186571FED01 035 $a000186571 100 $a20021010d1996----km-y0itay50------ba 101 0 $aita 200 1 $aArchitettura della pianta e comportamento fisiologico e produttivo di una cultivar di lupino dolce$eprimirisultati$fMassimo Fagnano, Luigi Postiglione. 210 $aNapoli$c...$d1996. 215 $ap. 107-112$d30 cm 300 $aEstr. da: Agricoltura ricerca, 161,1996. 610 0 $aLupinus 676 $a633.367 700 1$aFagnano,$bMassimo$069482 702 1$aPostiglione,$bLuigi$f<1926- > 801 0$aIT$bUNINA$gRICA$2UNIMARC 901 $aLG 912 $a990001865710403321 952 $a60 OP. 158/36$fFAGBC 959 $aFAGBC 996 $aArchitettura della pianta e comportamento fisiologico e produttivo di una cultivar di lupino dolce$9401609 997 $aUNINA DB $aING01